[Event "U12 Polish Youth Championship"]
[Site "chess24.com"]
[Date "2018.04.30"]
[Round "3"]
[White "Chyzy, Jakub"]
[Black "Paszkowski, Krystian"]
[Result "1-0"]
[Board "5"]
[WhiteElo "2071"]
[WhiteCountry "POL"]
[WhiteFideId "21806209"]
[WhiteEloChange "2"]
[BlackElo "1563"]
[BlackCountry "POL"]
[BlackFideId "21853002"]
[BlackEloChange "-2"]

1. e4 {[%clk 1:30:58]} c5 {[%clk 1:30:53]} 2. Nf3 {[%clk 1:31:24]} e6 {[%clk
1:31:18]} 3. d4 {[%clk 1:31:50]} cxd4 {[%clk 1:31:42]} 4. Nxd4 {[%clk 1:32:18]}
a6 {[%clk 1:31:55]} 5. Bd3 {[%clk 1:32:44]} Nf6 {[%clk 1:31:36]} 6. O-O {[%clk
1:33:08]} d6 {[%clk 1:31:56]} 7. f4 {[%clk 1:33:01]} Be7 {[%clk 1:31:50]} 8. Kh1
{[%clk 1:33:13]} Nbd7 {[%clk 1:31:08]} 9. Nc3 {[%clk 1:33:05]} Qc7 {[%clk
1:29:51]} 10. Bd2 {[%clk 1:33:06]} b5 {[%clk 1:29:37]} 11. a3 {[%clk 1:30:46]}
Bb7 {[%clk 1:29:00]} 12. Qe2 {[%clk 1:30:48]} g6 {[%clk 1:23:06]} 13. Rae1 {[%clk
1:26:24]} e5 {[%clk 1:21:39]} 14. Nf3 {[%clk 1:22:29]} O-O {[%clk 1:17:31]} 15.
f5 {[%clk 1:19:33]} Rfe8 {[%clk 0:48:52]} 16. Bg5 {[%clk 1:13:52]} Kg7 {[%clk
0:42:09]} 17. Qd2 {[%clk 1:08:40]} Rac8 {[%clk 0:40:21]} 18. Nh4 {[%clk 1:02:06]}
Nb6 {[%clk 0:37:27]} 19. fxg6 {[%clk 0:48:05]} fxg6 {[%clk 0:35:10]} 20. Nd1
{[%clk 0:36:45]} Qd8 {[%clk 0:20:31]} 21. Nf3 {[%clk 0:31:23]} Nc4 {[%clk
0:18:39]} 22. Qc1 {[%clk 0:27:39]} Ng4 {[%clk 0:13:58]} 23. b3 {[%clk 0:20:08]}
Nb6 {[%clk 0:11:01]} 24. h3 {[%clk 0:15:55]} Bxg5 {[%clk 0:10:22]} 25. Nxg5
{[%clk 0:15:08]} Nf6 {[%clk 0:10:01]} 26. Rxf6 {[%clk 0:09:56]} Qxf6 {[%clk
0:06:02]} 27. Rf1 {[%clk 0:10:15]} Qe7 {[%clk 0:04:50]} 28. Rf7+ {[%clk 0:09:55]}
Qxf7 {[%clk 0:05:18]} 29. Nxf7 {[%clk 0:10:24]} Kxf7 {[%clk 0:05:46]} 30. Nf2
{[%clk 0:08:39]} Rf8 {[%clk 0:02:52]} 31. Ng4 {[%clk 0:07:58]} Nd7 {[%clk
0:02:36]} 32. Qg5 {[%clk 0:07:31]} Rce8 {[%clk 0:02:52]} 33. c4 {[%clk 0:05:17]}
Kg8 {[%clk 0:01:41]} 34. cxb5 {[%clk 0:05:22]} Kh8 {[%clk 0:00:57]} 35. bxa6
{[%clk 0:04:25]} Bc6 {[%clk 0:00:36]} 36. b4 {[%clk 0:03:49]} Nb6 {[%clk
0:00:52]} 37. b5 {[%clk 0:03:45]} Ba8 {[%clk 0:01:06]} 38. Qe3 {[%clk 0:02:22]}
Rb8 {[%clk 0:01:22]} 39. Nf2 {[%clk 0:02:11]} Rf7 {[%clk 0:00:38]} 40. Nd1 {[%clk
0:01:54]} Rc7 {[%clk 0:00:49]} 41. Qd2 {[%clk 0:01:03]} d5 {[%clk 0:00:32]} 42.
exd5 {[%clk 0:00:51]} Bxd5 {[%clk 0:00:39]} 43. Ne3 {[%clk 0:00:47]} Ba8 {[%clk
0:00:57]} 44. Ng4 {[%clk 0:00:48]} e4 {[%clk 0:01:04]} 45. Bxe4 {[%clk 0:01:02]}
Nc4 {[%clk 0:00:37]} 46. Qd4+ {[%clk 0:01:17]} Kg8 {[%clk 0:00:43]} 47. Nh6+
{[%clk 0:01:35]} Kf8 {[%clk 0:00:58]} 48. Qh8+ {[%clk 0:01:55]} 1-0

[Event "U12 Polish Youth Championship"]
[Site "chess24.com"]
[Date "2018.04.30"]
[Round "3"]
[White "Dziewonski, Dariusz"]
[Black "Matela, Krzysztof"]
[Result "0-1"]
[Board "6"]
[WhiteElo "1805"]
[WhiteCountry "POL"]
[WhiteFideId "21835829"]
[WhiteEloChange "-14"]
[BlackElo "1642"]
[BlackCountry "POL"]
[BlackFideId "21828962"]
[BlackEloChange "14"]

1. e4 {[%clk 1:30:58]} d5 {[%clk 1:30:57]} 2. exd5 {[%clk 1:31:22]} Nf6 {[%clk
1:31:23]} 3. d4 {[%clk 1:31:30]} Nxd5 {[%clk 1:31:46]} 4. c4 {[%clk 1:30:40]} Nb6
{[%clk 1:32:09]} 5. c5 {[%clk 1:30:15]} Nd5 {[%clk 1:32:35]} 6. Bc4 {[%clk
1:30:30]} c6 {[%clk 1:30:54]} 7. Nf3 {[%clk 1:30:19]} g6 {[%clk 1:31:08]} 8. Nc3
{[%clk 1:30:00]} Bg7 {[%clk 1:25:21]} 9. O-O {[%clk 1:28:46]} O-O {[%clk
1:25:11]} 10. Re1 {[%clk 1:25:43]} Bg4 {[%clk 1:20:37]} 11. Nxd5 {[%clk 1:20:02]}
cxd5 {[%clk 1:20:55]} 12. Be2 {[%clk 1:20:20]} Nc6 {[%clk 1:21:18]} 13. Ne5
{[%clk 1:14:50]} Bxe2 {[%clk 1:20:37]} 14. Rxe2 {[%clk 1:14:11]} Nxe5 {[%clk
1:19:38]} 15. dxe5 {[%clk 1:13:35]} Qc7 {[%clk 1:17:53]} 16. Qd4 {[%clk 1:09:23]}
Rfc8 {[%clk 1:16:01]} 17. Bg5 {[%clk 1:07:16]} h6 {[%clk 1:13:11]} 18. Be3 {[%clk
1:01:35]} Qxe5 {[%clk 1:09:32]} 19. Qxe5 {[%clk 1:00:50]} Bxe5 {[%clk 1:09:54]}
20. Bxh6 {[%clk 1:01:05]} Bf6 {[%clk 1:10:14]} 21. Rc1 {[%clk 0:56:35]} e6 {[%clk
1:09:56]} 22. Bf4 {[%clk 0:53:44]} Be7 {[%clk 1:08:49]} 23. Rec2 {[%clk 0:51:38]}
Rc6 {[%clk 1:08:55]} 24. Be3 {[%clk 0:43:41]} e5 {[%clk 1:07:16]} 25. b4 {[%clk
0:37:16]} d4 {[%clk 1:04:51]} 26. b5 {[%clk 0:36:21]} Re6 {[%clk 1:05:17]} 27.
Bd2 {[%clk 0:36:23]} Rc8 {[%clk 1:05:35]} 28. c6 {[%clk 0:33:51]} bxc6 {[%clk
1:04:42]} 29. Rxc6 {[%clk 0:32:58]} Rexc6 {[%clk 1:04:57]} 30. bxc6 {[%clk
0:30:51]} Bd8 {[%clk 1:04:55]} 31. Bb4 {[%clk 0:28:23]} f5 {[%clk 1:03:07]} 32.
Kf1 {[%clk 0:25:09]} Kf7 {[%clk 1:03:32]} 33. Ke2 {[%clk 0:22:27]} Ke6 {[%clk
1:03:55]} 34. h3 {[%clk 0:17:22]} Bb6 {[%clk 1:02:51]} 35. g4 {[%clk 0:15:04]} f4
{[%clk 1:01:59]} 36. f3 {[%clk 0:13:39]} Kd5 {[%clk 0:58:12]} 37. Kd3 {[%clk
0:13:35]} Rxc6 {[%clk 0:56:24]} 38. Rxc6 {[%clk 0:13:58]} Kxc6 {[%clk 0:56:51]}
39. Ke4 {[%clk 0:12:08]} Kb5 {[%clk 0:46:36]} 40. Bd6 {[%clk 0:12:07]} Kc4 {[%clk
0:45:49]} 41. Bxe5 {[%clk 0:12:16]} g5 {[%clk 0:45:50]} 42. Bxd4 {[%clk 0:10:56]}
Bxd4 {[%clk 0:45:59]} 43. Kf5 {[%clk 0:11:11]} Kd3 {[%clk 0:46:25]} 44. Kxg5
{[%clk 0:11:14]} Ke3 {[%clk 0:46:49]} 45. h4 {[%clk 0:10:06]} Kxf3 {[%clk
0:47:07]} 0-1

[Event "U12 Polish Youth Championship"]
[Site "chess24.com"]
[Date "2018.04.30"]
[Round "3"]
[White "Nowak, Filip"]
[Black "Wnek, Filip"]
[Result "0-1"]
[Board "7"]
[WhiteElo "1475"]
[WhiteCountry "POL"]
[WhiteFideId "21817030"]
[WhiteEloChange "-3"]
[BlackElo "1760"]
[BlackCountry "POL"]
[BlackFideId "21833281"]
[BlackEloChange "3"]

1. e4 {[%clk 1:30:46]} c5 {[%clk 1:29:46]} 2. Nf3 {[%clk 1:31:08]} Nc6 {[%clk
1:28:52]} 3. d4 {[%clk 1:31:26]} cxd4 {[%clk 1:27:47]} 4. Nxd4 {[%clk 1:31:45]}
e5 {[%clk 1:26:40]} 5. Nb5 {[%clk 1:31:50]} d6 {[%clk 1:26:01]} 6. N1c3 {[%clk
1:32:08]} a6 {[%clk 1:24:54]} 7. Na3 {[%clk 1:32:29]} b5 {[%clk 1:24:21]} 8. Nd5
{[%clk 1:32:48]} Nce7 {[%clk 1:23:46]} 9. Bg5 {[%clk 1:30:01]} f6 {[%clk
1:19:54]} 10. Be3 {[%clk 1:28:30]} Nxd5 {[%clk 1:19:30]} 11. Qxd5 {[%clk
1:28:45]} Rb8 {[%clk 1:17:41]} 12. f3 {[%clk 1:24:18]} Bb7 {[%clk 1:17:24]} 13.
Qe6+ {[%clk 1:22:27]} Qe7 {[%clk 1:16:52]} 14. Qb3 {[%clk 1:22:06]} d5 {[%clk
1:12:57]} 15. exd5 {[%clk 1:19:10]} Qb4+ {[%clk 1:12:55]} 16. Bd2 {[%clk
1:17:14]} Qxb3 {[%clk 1:12:38]} 17. axb3 {[%clk 1:17:34]} Bxd5 {[%clk 1:06:44]}
18. c4 {[%clk 1:13:58]} bxc4 {[%clk 1:03:55]} 19. bxc4 {[%clk 1:14:14]} Bf7
{[%clk 1:03:21]} 20. Bc3 {[%clk 1:13:42]} Bc5 {[%clk 0:59:39]} 21. Nc2 {[%clk
1:13:32]} Bg6 {[%clk 0:58:14]} 22. Kd2 {[%clk 1:10:38]} Ne7 {[%clk 0:52:44]} 23.
b4 {[%clk 1:04:53]} Bxc2 {[%clk 0:50:34]} 24. Kxc2 {[%clk 1:04:59]} Bxb4 {[%clk
0:49:43]} 25. Rxa6 {[%clk 1:00:00]} Bxc3 {[%clk 0:44:28]} 26. Kxc3 {[%clk
0:59:20]} O-O {[%clk 0:43:43]} 27. Bd3 {[%clk 0:55:43]} Rfc8 {[%clk 0:42:43]} 28.
Be4 {[%clk 0:51:03]} f5 {[%clk 0:41:22]} 29. Bd3 {[%clk 0:48:35]} Nd5+ {[%clk
0:39:28]} 30. Kc2 {[%clk 0:47:30]} Nb4+ {[%clk 0:39:38]} 31. Kc3 {[%clk 0:47:22]}
Nxa6 {[%clk 0:39:20]} 32. Ra1 {[%clk 0:47:34]} Nc5 {[%clk 0:39:25]} 33. Bxf5
{[%clk 0:47:56]} Rb3+ {[%clk 0:39:30]} 34. Kc2 {[%clk 0:48:18]} Rcb8 {[%clk
0:39:34]} 35. Ra5 {[%clk 0:48:31]} Rb2+ {[%clk 0:39:55]} 0-1

[Event "U12 Polish Youth Championship"]
[Site "chess24.com"]
[Date "2018.04.30"]
[Round "3"]
[White "Iwaszkiewicz, Grzegorz"]
[Black "Backiel, Hubert"]
[Result "0-1"]
[Board "8"]
[WhiteElo "1411"]
[WhiteCountry "POL"]
[WhiteFideId "21810214"]
[WhiteEloChange "-4"]
[BlackElo "1653"]
[BlackCountry "POL"]
[BlackFideId "21838631"]
[BlackEloChange "4"]

1. d4 {[%clk 1:30:59]} Nf6 {[%clk 1:30:50]} 2. c4 {[%clk 1:31:19]} c5 {[%clk
1:31:10]} 3. d5 {[%clk 1:31:43]} e6 {[%clk 1:31:28]} 4. Nc3 {[%clk 1:32:05]} exd5
{[%clk 1:31:50]} 5. cxd5 {[%clk 1:32:24]} d6 {[%clk 1:31:59]} 6. Nf3 {[%clk
1:32:21]} g6 {[%clk 1:32:10]} 7. h3 {[%clk 1:32:29]} Bg7 {[%clk 1:32:17]} 8. Bf4
{[%clk 1:32:26]} a6 {[%clk 1:32:36]} 9. a4 {[%clk 1:32:47]} O-O {[%clk 1:17:00]}
10. e3 {[%clk 1:32:31]} Qb6 {[%clk 1:05:16]} 11. Ra2 {[%clk 1:30:43]} Bf5 {[%clk
1:00:30]} 12. Nd2 {[%clk 1:30:00]} Ne8 {[%clk 0:55:13]} 13. Nc4 {[%clk 1:29:00]}
Qd8 {[%clk 0:51:51]} 14. Bd3 {[%clk 1:28:20]} Bxd3 {[%clk 0:49:18]} 15. Qxd3
{[%clk 1:28:44]} f5 {[%clk 0:44:51]} 16. a5 {[%clk 1:27:37]} Rf7 {[%clk 0:41:18]}
17. O-O {[%clk 1:27:51]} Bf8 {[%clk 0:40:23]} 18. Bg3 {[%clk 1:27:31]} Nd7 {[%clk
0:36:08]} 19. e4 {[%clk 1:27:02]} f4 {[%clk 0:35:46]} 20. Bh2 {[%clk 1:27:14]}
Bg7 {[%clk 0:35:41]} 21. Ne2 {[%clk 1:25:48]} Ne5 {[%clk 0:34:19]} 22. Nxe5
{[%clk 1:25:41]} Bxe5 {[%clk 0:34:07]} 23. Qd2 {[%clk 1:10:17]} Qh4 {[%clk
0:29:09]} 24. Ra3 {[%clk 1:07:23]} Ng7 {[%clk 0:28:47]} 25. g3 {[%clk 0:59:19]}
fxg3 {[%clk 0:26:57]} 26. Bxg3 {[%clk 0:58:55]} Bxg3 {[%clk 0:26:47]} 27. Nxg3
{[%clk 0:56:39]} Raf8 {[%clk 0:19:56]} 28. Kg2 {[%clk 0:53:45]} Rf4 {[%clk
0:17:00]} 29. f3 {[%clk 0:53:19]} Nh5 {[%clk 0:16:13]} 30. Qe1 {[%clk 0:52:30]}
Qg5 {[%clk 0:14:35]} 31. Rb3 {[%clk 0:51:55]} R8f7 {[%clk 0:14:37]} 32. Rb6
{[%clk 0:52:06]} R4f6 {[%clk 0:13:53]} 33. Rb3 {[%clk 0:27:00]} Nf4+ {[%clk
0:13:52]} 34. Kf2 {[%clk 0:26:02]} Nxh3+ {[%clk 0:13:51]} 35. Ke2 {[%clk
0:24:11]} Nf4+ {[%clk 0:14:09]} 36. Kd1 {[%clk 0:24:05]} Qe5 {[%clk 0:14:04]} 37.
Ne2 {[%clk 0:22:29]} c4 {[%clk 0:11:50]} 38. Rc3 {[%clk 0:17:31]} Nd3 {[%clk
0:12:00]} 39. Qd2 {[%clk 0:10:30]} Rxf3 {[%clk 0:12:16]} 40. Rxf3 {[%clk
0:10:33]} Rxf3 {[%clk 0:12:41]} 41. Rxc4 {[%clk 0:10:15]} Nxb2+ {[%clk 0:12:54]}
0-1

[Event "U12 Polish Youth Championship"]
[Site "chess24.com"]
[Date "2018.04.30"]
[Round "3"]
[White "Wieczorek, Mikolaj"]
[Black "Zalega, Maciej"]
[Result "1-0"]
[Board "9"]
[WhiteElo "1761"]
[WhiteCountry "POL"]
[WhiteFideId "21827702"]
[WhiteEloChange "2"]
[BlackElo "1309"]
[BlackCountry "POL"]
[BlackFideId "21858284"]
[BlackEloChange "-2"]

1. e4 {[%clk 1:30:56]} c5 {[%clk 1:30:55]} 2. Nf3 {[%clk 1:31:08]} e6 {[%clk
1:31:22]} 3. d4 {[%clk 1:31:28]} cxd4 {[%clk 1:31:49]} 4. Nxd4 {[%clk 1:31:50]}
a6 {[%clk 1:32:17]} 5. Bd3 {[%clk 1:32:06]} Nf6 {[%clk 1:32:05]} 6. O-O {[%clk
1:32:20]} d6 {[%clk 1:31:50]} 7. Nc3 {[%clk 1:32:03]} Be7 {[%clk 1:30:40]} 8. Kh1
{[%clk 1:31:41]} O-O {[%clk 1:30:21]} 9. f4 {[%clk 1:31:22]} Nbd7 {[%clk
1:29:00]} 10. Be3 {[%clk 1:31:10]} Qc7 {[%clk 1:28:00]} 11. Qf3 {[%clk 1:26:45]}
Nc5 {[%clk 1:20:28]} 12. Nb3 {[%clk 1:24:26]} Nxd3 {[%clk 1:19:34]} 13. cxd3
{[%clk 1:24:42]} b5 {[%clk 1:18:39]} 14. Rac1 {[%clk 1:23:42]} Qd7 {[%clk
1:15:23]} 15. Ne2 {[%clk 1:15:49]} Bb7 {[%clk 1:13:31]} 16. Na5 {[%clk 1:15:36]}
Rac8 {[%clk 1:11:58]} 17. Nxb7 {[%clk 1:14:19]} Qxb7 {[%clk 1:11:53]} 18. f5
{[%clk 1:14:15]} d5 {[%clk 1:02:35]} 19. e5 {[%clk 1:13:37]} Nd7 {[%clk 1:01:44]}
20. Qg3 {[%clk 1:12:45]} Kh8 {[%clk 0:48:51]} 21. f6 {[%clk 1:09:01]} gxf6 {[%clk
0:46:51]} 22. exf6 {[%clk 1:09:24]} Bxf6 {[%clk 0:44:42]} 23. Rxf6 {[%clk
1:07:01]} Rxc1+ {[%clk 0:41:06]} 24. Nxc1 {[%clk 1:06:40]} Nxf6 {[%clk 0:40:49]}
25. Bd4 {[%clk 1:06:50]} Qe7 {[%clk 0:41:01]} 26. Qf4 {[%clk 1:07:10]} e5 {[%clk
0:39:33]} 27. Bxe5 {[%clk 1:07:26]} Kg8 {[%clk 0:38:30]} 28. Qg5+ {[%clk
1:07:41]} 1-0

[Event "U12 Polish Youth Championship"]
[Site "chess24.com"]
[Date "2018.04.30"]
[Round "3"]
[White "Taranowicz, Michal"]
[Black "Wojdak, Jan"]
[Result "0-1"]
[Board "10"]
[WhiteElo "1487"]
[WhiteCountry "POL"]
[WhiteFideId "21859191"]
[WhiteEloChange "-3"]
[BlackElo "1795"]
[BlackCountry "POL"]
[BlackFideId "21817111"]
[BlackEloChange "3"]

1. e4 {[%clk 1:30:56]} c5 {[%clk 1:30:57]} 2. Nf3 {[%clk 1:31:22]} Nc6 {[%clk
1:31:23]} 3. d4 {[%clk 1:31:47]} cxd4 {[%clk 1:31:48]} 4. Nxd4 {[%clk 1:32:13]}
Qb6 {[%clk 1:32:14]} 5. Nb3 {[%clk 1:31:56]} Nf6 {[%clk 1:32:39]} 6. Nc3 {[%clk
1:31:49]} e6 {[%clk 1:33:04]} 7. Be3 {[%clk 1:31:51]} Qc7 {[%clk 1:33:28]} 8. Bd3
{[%clk 1:26:03]} d6 {[%clk 1:33:49]} 9. O-O {[%clk 1:24:39]} a6 {[%clk 1:32:13]}
10. a4 {[%clk 1:14:28]} b6 {[%clk 1:25:17]} 11. Nd2 {[%clk 1:11:23]} Ne5 {[%clk
1:24:40]} 12. Be2 {[%clk 1:09:57]} h5 {[%clk 1:23:27]} 13. h3 {[%clk 1:09:04]}
Bb7 {[%clk 1:18:09]} 14. f4 {[%clk 1:08:00]} Ned7 {[%clk 1:16:49]} 15. Bf3 {[%clk
1:01:36]} Be7 {[%clk 1:07:56]} 16. Qe2 {[%clk 0:52:04]} Rc8 {[%clk 1:06:38]} 17.
Rae1 {[%clk 0:46:49]} e5 {[%clk 1:04:01]} 18. f5 {[%clk 0:44:30]} Qc6 {[%clk
0:58:45]} 19. g4 {[%clk 0:42:12]} hxg4 {[%clk 0:58:54]} 20. hxg4 {[%clk 0:42:30]}
Nh7 {[%clk 0:56:30]} 21. Qh2 {[%clk 0:39:07]} Ndf8 {[%clk 0:31:49]} 22. g5 {[%clk
0:36:27]} Rg8 {[%clk 0:27:49]} 23. g6 {[%clk 0:33:41]} fxg6 {[%clk 0:27:52]} 24.
fxg6 {[%clk 0:31:41]} Nf6 {[%clk 0:28:03]} 25. Qh3 {[%clk 0:23:46]} Qd7 {[%clk
0:27:19]} 26. Qg2 {[%clk 0:23:01]} Rh8 {[%clk 0:21:42]} 27. Rf2 {[%clk 0:18:43]}
Qe6 {[%clk 0:16:41]} 28. Nf1 {[%clk 0:17:53]} Qh3 {[%clk 0:15:06]} 29. Ng3 {[%clk
0:16:45]} Qxg2+ {[%clk 0:15:27]} 30. Rxg2 {[%clk 0:17:05]} Nxg6 {[%clk 0:11:08]}
31. Nf5 {[%clk 0:14:57]} Nh4 {[%clk 0:10:50]} 32. Nxh4 {[%clk 0:11:20]} Rxh4
{[%clk 0:11:16]} 33. Rxg7 {[%clk 0:11:30]} Kf8 {[%clk 0:08:48]} 34. Rg2 {[%clk
0:11:43]} Rh3 {[%clk 0:08:07]} 35. Kf2 {[%clk 0:10:28]} Rc6 {[%clk 0:05:15]} 36.
Ke2 {[%clk 0:09:46]} b5 {[%clk 0:04:53]} 37. Bg4 {[%clk 0:05:04]} Nxg4 {[%clk
0:04:13]} 38. Rxg4 {[%clk 0:05:32]} b4 {[%clk 0:03:21]} 39. Nd5 {[%clk 0:05:54]}
Rxc2+ {[%clk 0:03:10]} 40. Kd3 {[%clk 0:06:19]} Rxb2 {[%clk 0:02:20]} 41. Nxe7
{[%clk 0:06:36]} Rb3+ {[%clk 0:02:11]} 42. Kd2 {[%clk 0:06:54]} Rh2+ {[%clk
0:02:10]} 43. Kc1 {[%clk 0:05:12]} Rc3+ {[%clk 0:02:19]} 44. Kb1 {[%clk 0:03:46]}
Bxe4+ {[%clk 0:01:32]} 45. Rxe4 {[%clk 0:03:59]} Rb3+ {[%clk 0:01:52]} 46. Kc1
{[%clk 0:03:35]} Kxe7 {[%clk 0:02:19]} 47. Bg5+ {[%clk 0:02:52]} Ke6 {[%clk
0:02:48]} 48. R4e3 {[%clk 0:02:42]} Rxe3 {[%clk 0:02:08]} 49. Bxe3 {[%clk
0:03:00]} Ra2 {[%clk 0:02:31]} 50. Kb1 {[%clk 0:02:38]} Rxa4 {[%clk 0:02:54]} 51.
Bc1 {[%clk 0:02:30]} Ra5 {[%clk 0:03:19]} 52. Kb2 {[%clk 0:02:43]} Rc5 {[%clk
0:03:25]} 53. Be3 {[%clk 0:02:39]} Rb5 {[%clk 0:03:23]} 54. Kb3 {[%clk 0:02:56]}
d5 {[%clk 0:03:26]} 55. Bd4 {[%clk 0:03:02]} e4 {[%clk 0:03:37]} 56. Rf1 {[%clk
0:03:21]} a5 {[%clk 0:03:06]} 57. Ka4 {[%clk 0:03:28]} Rb8 {[%clk 0:03:32]} 58.
Kb3 {[%clk 0:03:23]} Rc8 {[%clk 0:03:37]} 59. Rf6+ {[%clk 0:03:24]} Kd7 {[%clk
0:03:48]} 60. Rf5 {[%clk 0:03:30]} Kc6 {[%clk 0:03:34]} 61. Rf6+ {[%clk 0:03:50]}
Kd7 {[%clk 0:03:43]} 62. Rf5 {[%clk 0:03:44]} Ke6 {[%clk 0:03:56]} 63. Rf6+
{[%clk 0:04:08]} Ke7 {[%clk 0:04:06]} 64. Rf5 {[%clk 0:04:14]} Rd8 {[%clk
0:00:50]} 65. Rf1 {[%clk 0:04:26]} Rg8 {[%clk 0:00:49]} 66. Rf5 {[%clk 0:04:34]}
Rg3+ {[%clk 0:01:05]} 67. Kb2 {[%clk 0:04:27]} Ke6 {[%clk 0:01:15]} 68. Rf6+
{[%clk 0:04:48]} Kd7 {[%clk 0:01:37]} 69. Bb6 {[%clk 0:02:09]} a4 {[%clk
0:01:53]} 70. Bc5 {[%clk 0:02:07]} Rg2+ {[%clk 0:02:16]} 71. Kb1 {[%clk 0:02:06]}
a3 {[%clk 0:02:27]} 72. Bxb4 {[%clk 0:01:42]} Rb2+ {[%clk 0:02:53]} 73. Ka1
{[%clk 0:01:28]} Rxb4 {[%clk 0:03:20]} 74. Ka2 {[%clk 0:01:27]} Ra4 {[%clk
0:03:42]} 75. Rh6 {[%clk 0:01:16]} e3 {[%clk 0:03:59]} 76. Rh3 {[%clk 0:01:12]}
Re4 {[%clk 0:03:50]} 77. Rh1 {[%clk 0:01:32]} e2 {[%clk 0:04:17]} 78. Re1 {[%clk
0:01:38]} Re3 {[%clk 0:04:38]} 79. Ka1 {[%clk 0:01:43]} d4 {[%clk 0:05:04]} 80.
Kb1 {[%clk 0:01:44]} d3 {[%clk 0:05:26]} 81. Kc1 {[%clk 0:02:04]} Rf3 {[%clk
0:05:51]} 82. Kd2 {[%clk 0:00:38]} Rf1 {[%clk 0:06:17]} 83. Rb1 {[%clk 0:00:31]}
Rxb1 {[%clk 0:06:40]} 84. Kxd3 {[%clk 0:00:40]} e1Q {[%clk 0:07:04]} 85. Kc2
{[%clk 0:00:47]} Qe2+ {[%clk 0:07:18]} 86. Kc3 {[%clk 0:01:00]} Rc1+ {[%clk
0:07:39]} 87. Kb3 {[%clk 0:01:17]} Qb2+ {[%clk 0:08:05]} 88. Ka4 {[%clk 0:01:36]}
Qb6 {[%clk 0:08:32]} 0-1

[Event "U12 Polish Youth Championship"]
[Site "chess24.com"]
[Date "2018.04.30"]
[Round "3"]
[White "Madej, Marek"]
[Black "Kejna, Piotr"]
[Result "1-0"]
[Board "11"]
[WhiteElo "1734"]
[WhiteCountry "POL"]
[WhiteFideId "21835942"]
[WhiteEloChange "4"]
[BlackElo "1483"]
[BlackTitle "CM"]
[BlackCountry "POL"]
[BlackFideId "21821704"]
[BlackEloChange "-4"]

1. e4 {[%clk 1:30:42]} c5 {[%clk 1:30:54]} 2. Nf3 {[%clk 1:31:04]} e6 {[%clk
1:31:02]} 3. d4 {[%clk 1:31:25]} cxd4 {[%clk 1:31:30]} 4. Nxd4 {[%clk 1:31:47]}
Nf6 {[%clk 1:31:46]} 5. Nc3 {[%clk 1:31:39]} d6 {[%clk 1:32:08]} 6. f4 {[%clk
1:31:06]} a6 {[%clk 1:28:03]} 7. Be3 {[%clk 1:30:13]} Qc7 {[%clk 1:27:28]} 8. Qf3
{[%clk 1:30:09]} Be7 {[%clk 1:24:41]} 9. O-O-O {[%clk 1:28:53]} b5 {[%clk
1:22:50]} 10. g4 {[%clk 1:27:59]} b4 {[%clk 1:17:56]} 11. Nce2 {[%clk 1:26:50]}
Bb7 {[%clk 1:16:19]} 12. Ng3 {[%clk 1:26:52]} O-O {[%clk 1:11:51]} 13. g5 {[%clk
1:23:07]} Nfd7 {[%clk 1:12:06]} 14. f5 {[%clk 1:21:33]} e5 {[%clk 1:10:23]} 15.
Nb3 {[%clk 1:21:43]} Rc8 {[%clk 1:08:12]} 16. Bd3 {[%clk 1:21:01]} Bf8 {[%clk
0:52:46]} 17. g6 {[%clk 1:16:57]} f6 {[%clk 0:51:34]} 18. gxh7+ {[%clk 1:17:09]}
Kh8 {[%clk 0:51:41]} 19. Nh5 {[%clk 1:10:48]} a5 {[%clk 0:46:36]} 20. Rhg1 {[%clk
1:09:37]} Ba6 {[%clk 0:36:51]} 21. Bh6 {[%clk 1:02:55]} g5 {[%clk 0:33:54]} 22.
Bxf8 {[%clk 1:02:46]} Rxf8 {[%clk 0:33:10]} 23. h4 {[%clk 1:02:54]} a4 {[%clk
0:33:24]} 24. Nd2 {[%clk 1:01:24]} Nc6 {[%clk 0:28:56]} 25. Bxa6 {[%clk 0:57:48]}
Nd4 {[%clk 0:28:22]} 26. Qd3 {[%clk 0:57:42]} Rxa6 {[%clk 0:28:42]} 27. hxg5
{[%clk 0:42:38]} Nc5 {[%clk 0:23:35]} 28. Qc4 {[%clk 0:42:29]} fxg5 {[%clk
0:21:28]} 29. Rxg5 {[%clk 0:41:13]} d5 {[%clk 0:19:49]} 30. exd5 {[%clk 0:40:53]}
b3 {[%clk 0:01:26]} 31. d6 {[%clk 0:19:38]} bxa2 32. Qg8+ {[%clk 0:19:38]} 1-0